DIRCRETE EVENT SIMULATION / (Record no. 587518)
[ view plain ]
| 000 -LEADER | |
|---|---|
| fixed length control field | 00342nam a22001337a 4500 |
| 020 ## - INTERNATIONAL STANDARD BOOK NUMBER | |
| Qualifying information | HB. |
| 040 ## - CATALOGING SOURCE | |
| Transcribing agency | FIZZA ISHAQ |
| 082 ## - DEWEY DECIMAL CLASSIFICATION NUMBER | |
| Classification number | 003.83 |
| Author Mark | UDO |
| 100 ## - MAIN ENTRY--PERSONAL NAME | |
| Personal name | WALL,A. JAMES PEOCH UDOW. |
| 9 (RLIN) | 87466 |
| 245 ## - TITLE STATEMENT | |
| Title | DIRCRETE EVENT SIMULATION / |
| Statement of responsibility, etc. | UDOW PEOCH JAMES A. WALL. |
| 260 ## - PUBLICATION, DISTRIBUTION, ETC. | |
| Place of publication, distribution, etc. | NEW YORK : |
| Name of publisher, distributor, etc. | CRC, |
| Date of publication, distribution, etc. | 1993. |
| 300 ## - PHYSICAL DESCRIPTION | |
| Extent | 412 P. ; |
| 942 ## - ADDED ENTRY ELEMENTS (KOHA) | |
| Source of classification or shelving scheme | |
| Koha item type | Book |
| Withdrawn status | Lost status | Source of classification or shelving scheme | Damaged status | Not for loan | Permanent Location | Current Location | Date acquired | Total Checkouts | Full call number | Barcode | Date last seen | Price effective from | Koha item type |
|---|---|---|---|---|---|---|---|---|---|---|---|---|---|
| NUST Baluchistan Campus (NBC) | NUST Baluchistan Campus (NBC) | 01/07/2022 | 003.83 UDO | Q-2292 | 01/07/2022 | 01/07/2022 | Book |
